Stříbrný blesk rodinný film pro milovníky zvířat

Bibliographic Details
Other Authors: Tatoulis, John (Author of dialog)
Format: Book
Language:Czech
PhysicalDescription:1 videokazeta (92 min.) stereo, fareb., VHS systém PAL 10x19 cm
Published: Bratislava Davay 1994
Subjects:

MARC

LEADER 00000nam a2200000 a 4500
001 vtls001219296
003 SK-MaSNL
005 20260302031843.0
008 251031s1995 xo 0 cze
015 |a SNBJ1996/0100507 
035 |a SNK000163419 
040 |a SNK  |b slo  |c SNK  |e AACR2 
041 0 |a cze 
044 |a xo  |c SK 
080 |a 791.43(73)(086.8)  |2 1981 
240 1 0 |a Silver Drumby 
245 1 |a Stříbrný blesk  |h videozáznam  |b rodinný film pro milovníky zvířat  |c réžia John Tatoulis 
260 |a Bratislava  |b Davay  |c 1994 
300 |a 1 videokazeta (92 min.)  |b stereo, fareb., VHS systém PAL  |c 10x19 cm 
511 |a Hrajú: Caroline Goodal, Russell Crowe, Ami Daemion 
650 0 7 |a filmy psychologické  |x videokazety  |2 SNK  |9 283653 
655 7 |a videokazety  |2 SNK  |9 70726 
700 1 |a Tatoulis, John  |4 aud  |9 47331 
730 |t Silver Drumby  |9 680121 
999 |c 1054015  |d 1055945 
952 |t P65, <92>, [BOOK], {603}  |a SNK  |b SNK  |y NEVYP  |7 0  |p 17A0005444  |o snkSVC 722  |i snkJK 113/96  |0 0  |1 0  |4 0  |d 1996-07-03  |l 0  |r 2005-01-01 00:00:00  |w 2026-02-24